000 00705nam a2200181Ia 4500
008 151018s9999 xx 000 0 und d
082 _bRBASDV4960
_a891.463
100 _aनिर्मिती शिबीर बालवाडमय
245 _aकथासंगम भाग - १
250 _b1
260 _bबालवाड्मय निर्मिती शिबीर
_c1961
300 _a34
600 _aनिर्मिती शिबीर बालवाडमय
630 _aकथासंगम भाग - १
700 _aनिर्मिती शिबीर बालवाडमय
730 _aकथासंगम भाग - १
942 _cBOOK
999 _c1007344
_d1007341